CEU by 1 Word - Statistics

General Stats
  • This quiz has been taken 5 times
  • The average score is 15 of 20
Answer Stats
Hint Answer % Correct
Crispy Bacon
100%
Cereal Cilria
100%
Sheldon Filip
100%
Morbius Fish
100%
Dart NaZa
100%
Fat Ocros
100%
Finland Rag
100%
Penguin Subarukmmm
100%
Conlang Yinayush
100%
Ice Bedzi
80%
Souls KCM
80%
Bare Majestaz
80%
Uzbekistan u1145
80%
Pakistan Adartho
60%
Whiskey Davi
60%
Adderall Ninny
60%
Guitar Silas
60%
1984 Kaseter
40%
Song Ohana
20%
Alternate Azu
0%
No matching quizzes found
Score Distribution
Percent of People with Each Score
Percentile by Number Answered
Your Score History
You have not taken this quiz